| 000 | 00344nam a2200145Ia 4500 | ||
|---|---|---|---|
| 008 | 230917s9999||||xx |||||||||||||| ||und|| | ||
| 040 |
_e128762 _aMAIN |
||
| 041 | _aEnglish | ||
| 082 | _a342.5409 N131B | ||
| 100 | _aNagori, S L | ||
| 245 | 0 | _aBharat ka savendhanik vikas | |
| 260 |
_aJaipur _bBohra _c1990 |
||
| 300 | _a386p. p. | ||
| 942 | _cBK | ||
| 999 |
_c65132 _d65132 |
||